000 00479nam a2200157 a 4500
005 20140412111427.0
008 090718s19uu xx 00 eng d
020 _a0-439-83578-x
050 _aTR(PS E
_bI'M1 2005
100 _aMunsch, Robert
245 _aI'm so embarrassed! /
_cRobert Munsch.
260 _aU.S.A :
_bScholastic,
_c2005.
300 _a1v. unp.
520 _aThis story inspired by a boy named Andrew, who hates to go shopping with his mom.
999 _c106256
_d106256